LOST YEARS OF THE RSS (Record no. 196635)

MARC details
000 -LEADER
fixed length control field 00547nam a22001817a 4500
005 - DATE AND TIME OF LATEST TRANSACTION
control field 20230719123815.0
010 ## - LCCN (DPL NO)
LC control number ENG-137470
020 ## - INTERNATIONAL STANDARD BOOK NUMBER
Terms of availability 350.00
International Standard Book Number 9788132105909
035 ## - SYSTEM CONTROL NUMBER
System control number EN-121002
037 ## - SOURCE OF ACQUISITION
Source of stock number/acquisition DBAD/PUB
082 ## - DEWEY DECIMAL CLASSIFICATION NUMBER
Classification number 324.2
100 ## - MAIN ENTRY--PERSONAL NAME
Personal name Kelkar, Sanjeev
245 ## - TITLE STATEMENT
Title LOST YEARS OF THE RSS
Statement of responsibility, etc Sanjeev Kelkar
260 ## - PUBLICATION, DISTRIBUTION, ETC. (IMPRINT)
Place of publication, distribution, etc New Delhi
Name of publisher, distributor, etc SAGE Publications India Pvt Ltd
270 ## - ADDRESS
Address B1/1-1 Mohan Cooperative Industrial Area Mathura Road
City New Delhi
Postal code 110044
300 ## - PHYSICAL DESCRIPTION
Extent 354p.
Dimensions 22cm,
942 ## - ADDED ENTRY ELEMENTS (KOHA)
Source of classification or shelving scheme Dewey Decimal Classification
Item type English Books
Call number suffix KEL
Classification part 324.2

No items available.


© Delhi Public Library
Hit Counter
free hit counter